000 00723nam a2200241Ia 4500
003 OSt
005 20220918210744.0
006 a|||||r|||| 00| 0
007 ta
008 220917b |||||||| |||| 00| 0 eng d
024 _a121,868
037 _cTextual
040 _aARTS
_cARTS
_beng
041 _2eng
_aeng
082 _aZ6,3,53.N60y7, L1
100 _aMilner Alan ed
_9119159
245 0 _aModern African contract cases
_b leading cases from common law Africa in the 1960's edited by Alan Milner
260 _aOxford
_bAfrican Law Reports
_c1971
300 _axiii,490p.
_ccm.
650 _aLAW
_97240
942 _hZ6,3,53.N60y7, L1
_cTEXL
_2CC
999 _c245067
_d245067